Manchester City - Lyon Champions League 2019-20 - Statistics

General Stats
  • This quiz has been taken 405 times
  • The average score is 20 of 30
Answer Stats
Player % Correct
Ederson
94%
Anthony Lopes
91%
Kevin De Bruyne ¹
88%
Raheem Sterling
87%
Moussa Dembélé ²
82%
Memphis Depay
81%
Gabriel Jesus
78%
Houssem Aouar
78%
Maxwel Cornet ¹
78%
Fernando Marçal
76%
Kyle Walker
75%
Pep Guardiola
75%
Jason Denayer
71%
Marcelo
70%
Rudi Garcia
70%
Karl Toko-Ekambi
69%
Maxence Caqueret
68%
Eric García
67%
Aymeric Laporte
66%
Fernandinho
63%
İlkay Gündoğan
62%
Léo Dubois
62%
David Silva
60%
Rodri
59%
João Cancelo
57%
Riyad Mahrez
56%
Bruno Guimarães
54%
Jeff Reine-Adélaïde
43%
Thiago Mendes
42%
Kenny Tete
26%
No matching quizzes found
Score Distribution
Percent of People with Each Score
Percentile by Number Answered
Your Score History
You have not taken this quiz